Statistics for Top NHL scorers in the past 10 years

Click here to take the quiz!

General Stats

  • This quiz has been taken 31 times
  • The average score is 23 of 30

Answer Stats

TeamPointsPlayer% Correct
WAS706Alexander Ovechkin
100%
PIT753Sidney Crosby
100%
PIT686Evgeni Malkin
96%
CHI785Patrick Kane
96%
BOS673Brad Marchand
86%
PHI708Claude Giroux
86%
EDM574Connor McDavid
86%
NYI/TOR698John Tavares
86%
TBL634Steven Stamkos
86%
TBL547Nikita Kucherov
82%
LAK642Anže Kopitar
79%
CHI548Jonathan Toews
79%
COL560Nathan MacKinnon
79%
BOS580Patrice Bergeron
79%
WPG680Blake Wheeler
75%
DAL626Jamie Benn
75%
BOS/DAL615Tyler Seguin
75%
OTT/SJS554Erik Karlsson
71%
WAS657Nicklas Bäckström
71%
ARI/PIT/TOR659Phil Kessel
71%
DAL/SJS599Joe Pavelski
68%
BOS/BUF/EDM/NJD554Taylor Hall
68%
ANA567Ryan Getzlaf
64%
MTL/VGK556Max Pacioretty
61%
SJS540Brent Burns
57%
BUF/CAR/MIN/MTL/NYR530Eric Staal
57%
PHI604Jakub Voráček
57%
FLA/SJS/TOR528Joe Thornton
57%
BUF/COL/STL562Ryan O'Reilly
57%
BOS516David Krejčí
50%

Score Distribution

Percentile by Number Answered

Percent of People with Each Score

Your Score History

You have not taken this quiz